| 000 | 00898cam a2200229 4500 | ||
|---|---|---|---|
| 001 | ABS61870 | ||
| 008 | 000000n2000 000 0 eng u | ||
| 035 | _a(Sirsi) u104532 | ||
| 100 | _aBingham, T. | ||
| 245 | _aRight, for wrong reasons | ||
| 260 | _c2000 | ||
| 490 |
_aBuilding _v8 25 February 2000 55(1) |
||
| 520 | _aExplains the adjudication and judgment in the "Northern Developments (Cumbria) v J&J Nichol. The case involved settling a repudiation of contract dispute. | ||
| 590 | _aABS | ||
| 650 | _aHOUSING GRANTS, CONSTRUCTION AND REGENERATION ACT 1996 | ||
| 650 | _aMANAGEMENT-DISPUTE AVOIDANCE, MANAGEMENT AND RESOLUTION-DISPUTE MANAGEMENT AND RESOLUTION-ALTERNATIVE DISPUTE RESOLUTION-ADJUDICATION | ||
| 650 | _aSCHEME FOR CONSTRUCTION CONTRACTS | ||
| 650 | _aSUBCONTRACTS | ||
| 650 | _aREPUDIATION | ||
| 690 | _aBUILT ENVIRONMENT-BUILDING CONTRACT FORMS | ||
| 942 | _n0 | ||
| 999 |
_c62720 _d62720 |
||